|
|
|
|
| LEADER |
00000naa2a2200000 4500 |
| 001 |
235974 |
| 005 |
20260105153644.0 |
| 035 |
|
|
|a (RuTPU)RU\TPU\book\257119
|
| 035 |
|
|
|a RU\TPU\book\257109
|
| 090 |
|
|
|a 235974
|
| 100 |
|
|
|a 20130418d2013 k y0rusy50 ca
|
| 101 |
0 |
|
|a rus
|
| 102 |
|
|
|a RU
|
| 135 |
|
|
|a drcn ---uucaa
|
| 181 |
|
0 |
|a i
|
| 182 |
|
0 |
|a b
|
| 200 |
1 |
|
|a Влияние параметров сварки с двухструйной газовой защитой на свойства и геометрию шва
|f Д. А. Чинахов
|
| 203 |
|
|
|a Текст
|c электронный
|
| 225 |
1 |
|
|a Проблемы надежности машиностроения и машиностроительные технологии
|
| 300 |
|
|
|a Заглавие с титульного экрана
|
| 320 |
|
|
|a [Библиогр.: с. 331-332 (11 назв.)]
|
| 337 |
|
|
|a Adobe Reader
|
| 461 |
|
1 |
|0 (RuTPU)RU\TPU\book\256460
|t Высокие технологии в современной науке и технике
|o сборник научных трудов II Всероссийской научно-технической конференции молодых ученых, аспирантов и студентов с международным участием, Томск, 27-29 марта 2013 г
|o в 2 т.
|f Национальный исследовательский Томский политехнический университет (ТПУ)
|d 2013
|
| 463 |
|
1 |
|0 (RuTPU)RU\TPU\book\256473
|t Т. 2
|v [С. 327-332]
|d 2013
|
| 610 |
1 |
|
|a труды учёных ТПУ
|
| 610 |
1 |
|
|a электронный ресурс
|
| 610 |
1 |
|
|a влияние
|
| 610 |
1 |
|
|a сварка
|
| 610 |
1 |
|
|a сварка в защитных газах
|
| 610 |
1 |
|
|a геометрия
|
| 610 |
1 |
|
|a швы
|
| 610 |
1 |
|
|a газовая защита
|
| 610 |
1 |
|
|a факторы
|
| 700 |
|
1 |
|a Чинахов
|b Д. А.
|c специалист в области сварочного производства
|c доцент Юргинского технологического института (филиала) Томского политехнического университета
|g Дмитрий Анатольевич
|3 (RuTPU)RU\TPU\pers\24212
|
| 801 |
|
2 |
|a RU
|b 63413507
|c 20141028
|g RCR
|
| 856 |
4 |
|
|u http://www.lib.tpu.ru/fulltext/c/2013/C17/V2/106.pdf
|
| 942 |
|
|
|c CF
|